000 00609nam a2200229Ia 4500
003 OSt
005 20230529094207.0
008 210423s2015 xx 000 0 und d
020 _a978-93-84007-39-3
040 _cAL
041 _aeng
082 _a531 RAIM
100 _aRAINE (Derek)
_9115520
245 _aMechanics: a modelling approach
260 _aNew Delhi
_bMed Tec
_c2015
300 _axiv,288
_bPB
365 _b295
_cINR
440 _aMedtec introductory physics series
_9115521
650 _aClassical Mechanics
_9115522
906 _aapproach ; Mechanics ; modelling
942 _2ddc
_cBK
999 _c168254
_d168254